| 000 | 00939nam a22002297a 4500 | ||
|---|---|---|---|
| 999 |
_c18319 _d18319 |
||
| 003 | AR-CdUCM | ||
| 008 | 190513b ||||| |||| 00| 0 spa d | ||
| 040 |
_aMUNICIPALIDAD PROVINCIAL DEL CUSCO _cBIBLIOTECA MUNICIPAL DEL CUSCO |
||
| 082 |
_a348.62 / _bP21 |
||
| 100 |
_aPalomino, Teodosio A. _938463 |
||
| 245 |
_aTrabajadores de confianza...? : _bsu situación laboral / |
||
| 260 |
_aLima : _bJuris Laboral, _c1989. |
||
| 300 |
_a190 páginas ; _c21 cm. |
||
| 505 | _aContenido: La empresa -- El trabajo -- Fundamentos de la estabilidad laboral -- Situación laboral de los trabajadores de confianza en el sector privado -- Situación de los trabajadores de confianza en el sector publico... | ||
| 650 |
_aFuncionarios públicos _928374 |
||
| 650 |
_aAspectos legales _93379 |
||
| 650 |
_aEstabilidad laboral _936618 |
||
| 650 |
_aFunción pública _99348 |
||
| 650 |
_aPerú _935 |
||
| 942 |
_2ddc _cLIBROS |
||
| 945 |
_aacv _d2019-05-13 |
||